000 002350000a22000970004500
100 1 _aBonilla A., Plutarco
245 1 0 _aLa década de los congresos
300 _aVol 5, Núm 10 (1983), Páginas 5-8
773 0 _tPastoralia
942 _cANA
999 _c53270
_d53270